| 000 | 00916nam a2200241 i 4500 | ||
|---|---|---|---|
| 001 | 188710 | ||
| 003 | SpMaBN | ||
| 005 | 20240315144338.0 | ||
| 008 | 190207s2016 sp |||| | spa d | ||
| 020 | _a153719691X | ||
| 080 | _a014.3:342.7-055.2(460)"12/15" | ||
| 100 | 1 |
_aArias Bautista, María Teresa _9146469 _eaut |
|
| 245 | 1 | 0 |
_aÍndices legislativos medievales para el estudio de las mujeres / _cMaría Teresa Arias Bautista. |
| 260 |
_aBoadilla del Monte [Madrid : _bMª Teresa Arias Bautista], _c2016. |
||
| 300 |
_a110 p. ; _c23 cm. |
||
| 500 | _aÍndice. | ||
| 504 | _aBibliografía: p. 108-110. | ||
| 650 | 0 | 7 |
_aMujeres- _xEstatuto jurídico- _zEspaña. _915286 |
| 852 |
_aES-MaACL _jA-14321 _9195844 _bR.151551 _cDEPO1 _dOlim: N-7321 _hDonación: María Teresa Arias Bautista |
||
| 903 |
_aArias Bautista, María Teresa _ednr _9146469 |
||
| 942 |
_2udc _cMONOGRAFIA |
||
| 999 |
_c188710 _d188710 |
||